| 000 | 00695nam a2200169 a 4500 | ||
|---|---|---|---|
| 008 | 071114s2002 ||||||||||||||||| || u | ||
| 050 | _aIBRD(06)CS/2002/9 | ||
| 110 | _aWorld Bank | ||
| 245 | 1 | 0 |
_aSlovak Republic: living standards, employment, and labor market study _cBy the World Bank |
| 260 |
_aWashington, D. C. _bWorld Bank _c2002 |
||
| 300 | _axxxvii, 162p. :ill. | ||
| 350 | _a0.00 | ||
| 490 | _aWorld Bank Country Study | ||
| 650 | _aSLOVAK (REPUBLIC)--ECONOMIC CONDITIONS | ||
| 650 | _aLABOUR MARKETS--SLOVAK (REPUBLIC) | ||
| 995 |
_D0.00 _FCBU-MAIN LIBRARY (Kitwe) _H1 _I0.00 _M1 _UAVAILABLE _WNov 14, 2007 _ZInternational Publications |
||
| 999 |
_c57550 _d57550 |
||